Biotechnology : (Record no. 4852)

MARC details
000 -LEADER
fixed length control field 01077pam a2200277 a 4500
001 - CONTROL NUMBER
control field 3035070
003 - CONTROL NUMBER IDENTIFIER
control field OSt
005 - DATE AND TIME OF LATEST TRANSACTION
control field 20210929144900.0
008 - FIXED-LENGTH DATA ELEMENTS--GENERAL INFORMATION
fixed length control field 950908s1996 caua b 001 0 eng
010 ## - LIBRARY OF CONGRESS CONTROL NUMBER
LC control number 95041427
020 ## - INTERNATIONAL STANDARD BOOK NUMBER
International Standard Book Number 0120845628 (alk. paper)
040 ## - CATALOGING SOURCE
Original cataloging agency DLC
Transcribing agency DLC
Modifying agency DLC
082 ## - DEWEY DECIMAL CLASSIFICATION NUMBER
Classification number QY58 B388b 1996
100 1# - MAIN ENTRY--PERSONAL NAME
Personal name Becker, Jeffrey M.; Caldwell, Guy A.; Zachgo, Eve Ann
9 (RLIN) 10413
245 10 - TITLE STATEMENT
Title Biotechnology :
Remainder of title a laboratory course
250 ## - EDITION STATEMENT
Edition statement 2nd ed.
260 ## - PUBLICATION, DISTRIBUTION, ETC. (IMPRINT)
Place of publication, distribution, etc. San Diego :
Name of publisher, distributor, etc. Academic Press,
Date of publication, distribution, etc. 1996.
300 ## - PHYSICAL DESCRIPTION
Extent xx, 261 p. :
Other physical details ill. ;
Dimensions 24 cm.
504 ## - BIBLIOGRAPHY, ETC. NOTE
Bibliography, etc Includes bibliographical references and index.
650 #0 - SUBJECT ADDED ENTRY--TOPICAL TERM
Topical term or geographic name as entry element Biotechnology
General subdivision Laboratory manuals.
9 (RLIN) 10414
856 42 - ELECTRONIC LOCATION AND ACCESS
Materials specified Publisher description
Uniform Resource Identifier http://www.loc.gov/catdir/description/els032/95041427.html
856 41 - ELECTRONIC LOCATION AND ACCESS
Materials specified Table of contents
Uniform Resource Identifier http://www.loc.gov/catdir/toc/els032/95041427.html
906 ## - LOCAL DATA ELEMENT F, LDF (RLIN)
a 7
b cbc
c orignew
d 1
e ocip
f 19
g y-gencatlg
942 ## - ADDED ENTRY ELEMENTS (KOHA)
Source of classification or shelving scheme Other/Generic Classification Scheme
Koha item type Open Shelf
Holdings
Withdrawn status Lost status Source of classification or shelving scheme Damaged status Not for loan Home library Current library Date acquired Source of acquisition Inventory number Total Checkouts Full call number Barcode Date last seen Koha item type
    Other/Generic Classification Scheme     MUST Main Library MUST Main Library 22/07/2016 Donation 11/33033   QY 58 B388b 1996 2016-3413 22/07/2016 Open Shelf
    Other/Generic Classification Scheme     MUST Main Library MUST Main Library 29/09/2021 Purchase 08/30847   QY58 B388b 1996 2021-1362 29/09/2021 Open Shelf
    Other/Generic Classification Scheme     MUST Main Library MUST Main Library 29/09/2021 Purchase 08/30848   QY58 B388b 1996 2021-1363 29/09/2021 Open Shelf